| 000 | 00676nam a2200241Ia 4500 | ||
|---|---|---|---|
| 003 | OSt | ||
| 005 | 20220923212034.0 | ||
| 006 | a|||||r|||| 00| 0 | ||
| 007 | ta | ||
| 008 | 220922b |||||||| |||| 00| 0 hin d | ||
| 024 | _a150,153 | ||
| 037 | _cTextual | ||
| 040 |
_aARTS _cARTS _bhin |
||
| 041 |
_2hin _ahin |
||
| 082 | _a82:N60, 152K0 | ||
| 100 |
_aनगेन्द्र _9156277 |
||
| 245 | 0 |
_aहिन्दी वार्षिकी _b1960 |
|
| 246 | _aHindī vārṣhikī:1960 | ||
| 260 |
_afnYyh] _bHkkjrh; _c1960 |
||
| 300 |
_a285पृ. _ccm. |
||
| 942 |
_h82:N60, 152K0 _cTEXL _2CC |
||
| 999 |
_c305833 _d305833 |
||